Statistics for African Capitals With Only 5 Letters

Click here to take the quiz!

General Stats

  • This quiz has been taken 62 times
  • The average score is 6 of 7

Answer Stats

Answer% Correct
Cairo
100%
Abuja
98%
Tunis
97%
Rabat
95%
Accra
90%
Dakar
90%
Praia
68%

Score Distribution

Percentile by Number Answered

Percent of People with Each Score

Your Score History

You have not taken this quiz